Ensayos sobre intervención y liberalismo / (Registro nro. 5552)
[ vista simple ]
| 000 -LEADER | |
|---|---|
| fixed length control field | 01191nam a2200313Ia 4500 |
| 003 - CONTROL NUMBER IDENTIFIER | |
| control field | OSt |
| 005 - DATE AND TIME OF LATEST TRANSACTION | |
| control field | 20200625144534.0 |
| 008 - FIXED-LENGTH DATA ELEMENTS--GENERAL INFORMATION | |
| fixed length control field | 191128s1987 sp a gr 001 0 spa d |
| 020 ## - INTERNATIONAL STANDARD BOOK NUMBER | |
| International Standard Book Number | 8476342357 |
| 040 ## - CATALOGING SOURCE | |
| Original cataloging agency | CO-JMCR |
| Transcribing agency | CO-JMCR |
| 041 1# - LANGUAGE CODE | |
| Language code of text/sound track or separate title | spa |
| Language code of original | eng |
| 082 04 - DEWEY DECIMAL CLASSIFICATION NUMBER | |
| Classification number | 330.156 / |
| Edition number | 23 |
| Item number | K446e |
| 100 1# - MAIN ENTRY--PERSONAL NAME | |
| Personal name | Keynes, John Maynard, |
| Relator term | autor |
| 9 (RLIN) | 5007 |
| 245 10 - TITLE STATEMENT | |
| Title | Ensayos sobre intervención y liberalismo / |
| Statement of responsibility, etc. | John Maynard Keynes ; traducción del inglés Jorge Pascual ; selección y presentación Antonio Argandoña |
| 250 ## - EDITION STATEMENT | |
| Edition statement | Segunda edición |
| 260 ## - PUBLICATION, DISTRIBUTION, ETC. | |
| Place of publication, distribution, etc. | España : |
| Name of publisher, distributor, etc. | Orbis, |
| Date of publication, distribution, etc. | 1987 |
| 300 ## - PHYSICAL DESCRIPTION | |
| Extent | 192 páginas : |
| Other physical details | ilustraciones a blanco y negro ; |
| Dimensions | 20 cm. |
| 490 0# - SERIES STATEMENT | |
| Series statement | Biblioteca de economía ; |
| Volume/sequential designation | 1 |
| 500 ## - GENERAL NOTE | |
| General note | Incluye apéndices. |
| 505 0# - FORMATTED CONTENTS NOTE | |
| Formatted contents note | Las consecuencias económicas del Sr. Churchill -- El final del laissez-faire -- Cómo pagar la guerra |
| 534 ## - ORIGINAL VERSION NOTE | |
| Introductory phrase | The economic consequences of Mr. Churchill |
| 546 ## - LANGUAGE NOTE | |
| Language note | Traducido del inglés |
| 650 14 - SUBJECT ADDED ENTRY--TOPICAL TERM | |
| Topical term or geographic name entry element | Intervención extranjera |
| 9 (RLIN) | 6190 |
| 650 24 - SUBJECT ADDED ENTRY--TOPICAL TERM | |
| Topical term or geographic name entry element | Liberalismo |
| 9 (RLIN) | 6191 |
| 650 24 - SUBJECT ADDED ENTRY--TOPICAL TERM | |
| Topical term or geographic name entry element | Libre empresa |
| 9 (RLIN) | 6192 |
| 700 1# - ADDED ENTRY--PERSONAL NAME | |
| Personal name | Pascual, Jorge, |
| Relator term | traductor |
| 9 (RLIN) | 5586 |
| 700 1# - ADDED ENTRY--PERSONAL NAME | |
| Personal name | Argandoña, Antonio, |
| Relator term | selección |
| 9 (RLIN) | 5076 |
| 942 ## - ADDED ENTRY ELEMENTS (KOHA) | |
| Source of classification or shelving scheme | Dewey Decimal Classification |
| Koha item type | Books |
| Withdrawn status | Lost status | Source of classification or shelving scheme | Materials specified (bound volume or other part) | Damaged status | Not for loan | Home library | Current library | Shelving location | Date acquired | Source of acquisition | Cost, normal purchase price | Total Checkouts | Full call number | Barcode | Date last seen | Copy number | Price effective from | Koha item type |
|---|---|---|---|---|---|---|---|---|---|---|---|---|---|---|---|---|---|---|
| Dewey Decimal Classification | Donación--15/04/2018-- | Biblioteca Pública José María del Castillo y Rada | Biblioteca Pública José María del Castillo y Rada | General Stacks | 11/28/2019 | Donación | 0.00 | 330.156 / K446e | 430002072 | 05/16/2024 | Ej.1 | 11/28/2019 | Books |